000 00976nam a22003137a 4500
001 BR2014007322
003 BR-BrBNA
005 20230928104533.0
007 ta
008 230509b bl.||||| |||| 00| 0 por d
040 _aBR-BrBNA
_bpor
_cBiblioteca Nacional de Agricultura
041 _a(Por)
072 _aM12
_b8140
090 _ 8140 BR2014007322
100 1 _aPrieto Guevara, M.J.
110 1 _aUniversidade Federal de Lavras, MG (Brasil)
_0Tese (Doutorado)
245 1 _aMetabolismo energético em híbrido de Pseudoplatystoma reticulatum x Leiarius marmoratus
260 3 _aLavras, MG (Brasil):
_c2014.
300 _a162 p.
500 _aSummaries (Eng, Por); Includes several bibliographies; 6 illus.; 15 tables
650 _aPEIXE DE AGUA DOCE
650 _aHIBRIDO
650 _aACIDO GRAXO
650 _aOLEO ANIMAL
650 _aHISTOLOGIA ANIMAL
650 _aMETABOLISMO ENERGETICO
909 _a202309
_bLucia
_c55
_dLucia Elande
942 _cBK
999 _c80466
_d80466